[Event "HUN-chT U18"]
[Site "Miskolc"]
[Date "2009.10.30"]
[Round "8.23"]
[White "Nadasdi, Bela"]
[Black "Jungbluth, Endre"]
[Result "0-1"]
[WhiteElo "1688"]
[BlackElo "1793"]
[PlyCount "66"]
[EventDate "2009.10.26"]
[EventType "team-swiss"]
[EventRounds "8"]
[EventCountry "HUN"]
[SourceTitle "EXT 2016"]
[Source "ChessBase"]
[SourceDate "2015.10.08"]
[SourceVersion "1"]
[SourceVersionDate "2015.10.08"]
[SourceQuality "1"]

1. e4 e6 2. d4 d5 3. exd5 exd5 4. Nf3 Nf6 5. c3 Be7 6. Be2 0-0 7. 0-0 Bf5 8. Bg5 Nbd7 9. Nbd2 Re8 10. Nh4 Be4 11. Nxe4 Nxe4 12. Bxe7 Qxe7 13. Nf5 Qg5 14. Ne3 Ndf6 15. Ng4 Re6 16. f4 Qh4 17. f5 Nxg4 18. Bxg4 Rh6 19. Bh3 Qg5 20. Qg4 Qe3+ 21. Kh1 Nf2+ 22. Rxf2 Qxf2 23. b3 Re8 24. Qg3 Qxg3 25. hxg3 Re3 26. c4 dxc4 27. bxc4 Rxg3 28. Rb1 b6 29. c5 Rd3 30. Re1 Kf8 31. cxb6 axb6 32. Rc1 c6 33. Re1 Rxd4 0-1

[Event "HUN-chT U18"]
[Site "Miskolc"]
[Date "2008.10.31"]
[Round "8.11"]
[White "Jungbluth, Endre"]
[Black "Szajbely, Zsigmond"]
[Result "0-1"]
[WhiteElo "1858"]
[BlackElo "1723"]
[PlyCount "69"]
[EventDate "2008.10.27"]
[EventType "team-swiss"]
[EventRounds "8"]
[EventCountry "HUN"]
[SourceTitle "EXT 2016"]
[Source "ChessBase"]
[SourceDate "2015.10.08"]
[SourceVersion "1"]
[SourceVersionDate "2015.10.08"]
[SourceQuality "1"]

1. d4 d5 2. Nf3 Nf6 3. e3 e6 4. c4 c6 5. Nc3 Nbd7 6. Be2 dxc4 7. Bxc4 Be7 8. 0-0 b5 9. Bd3 0-0 10. Qc2 Bb7 11. e4 h6 12. Bf4 Nh5 13. Qd2 Nxf4 14. Qxf4 a6 15. Rad1 b4 16. Ne2 Qa5 17. g4 Bg5 18. Nxg5 hxg5 19. Qd2 f6 20. Bc4 Rfe8 21. f4 c5 22. d5 Nb6 23. Qc2 Nxc4 24. Qxc4 exd5 25. exd5 Qb5 26. Qxb5 axb5 27. Nc1 gxf4 28. Rxf4 Re5 29. d6 Kf7 30. Rf5 Rxf5 31. gxf5 c4 32. Ne2 Bf3 33. Rd2 Bxe2 34. Rxe2 Rxa2 35. Kf2 0-1

[Event "HUN-chT U18"]
[Site "Miskolc"]
[Date "2008.10.30"]
[Round "6.12"]
[White "Kiraly, Zoltan"]
[Black "Jungbluth, Endre"]
[Result "1/2-1/2"]
[WhiteElo "1825"]
[BlackElo "1858"]
[PlyCount "78"]
[EventDate "2008.10.27"]
[EventType "team-swiss"]
[EventRounds "8"]
[EventCountry "HUN"]
[SourceTitle "EXT 2016"]
[Source "ChessBase"]
[SourceDate "2015.10.08"]
[SourceVersion "1"]
[SourceVersionDate "2015.10.08"]
[SourceQuality "1"]

1. d4 Nf6 2. c4 e6 3. Nf3 Be7 4. Nc3 d5 5. Bg5 Nbd7 6. e3 0-0 7. cxd5 exd5 8. Bd3 c5 9. dxc5 Nxc5 10. Be2 Be6 11. 0-0 Nce4 12. Nxe4 Nxe4 13. Bxe7 Qxe7 14. Nd4 Bd7 15. Rc1 Rac8 16. Qd3 Qf6 17. Bf3 Rfe8 18. Rxc8 Bxc8 19. Qb5 Qe5 20. Rc1 Nxf2 21. Rxc8 Nh3+ 22. gxh3 Qxe3+ 23. Kg2 Rxc8 24. Qxb7 Qd2+ 25. Kg3 Qe1+ 26. Kg2 Qd2+ 27. Kg3 Qg5+ 28. Kf2 Re8 29. Qxa7 Qe3+ 30. Kg2 Qd2+ 31. Kg3 g5 32. Bxd5 Re3+ 33. Nf3 Qe1+ 34. Kg4 h5+ 35. Kxg5 Rxf3 36. Qa8+ Kg7 37. Bxf3 Qe5+ 38. Kh4 Qf4+ 39. Kxh5 Qf5+ 1/2-1/2